[Event "SR 2. liga A 2009/2010"]
[Site "?"]
[Date "2009.10.10"]
[Round "1.8"]
[White "Gajarsky, Julius"]
[Black "Grich, Juraj"]
[Result "1/2-1/2"]
[WhiteElo "1802"]
[BlackElo "1989"]
[PlyCount "74"]
[EventDate "2009.??.??"]
[WhiteTeam "Slovakia"]
[BlackTeam "II"]
[WhiteTeamCountry "SVK"]
[BlackTeamCountry "SVK"]

1. d4 d5 2. c4 Nc6 3. Nf3 Bg4 4. e3 e5 5. dxe5 d4 6. h3 Bb4+ 7. Bd2 dxe3 8.
fxe3 Bxf3 9. Qxf3 Bxd2+ 10. Nxd2 Nxe5 11. Qe4 Qe7 12. O-O-O Nf6 13. Qc2 O-O-O
14. Be2 Rd7 15. Rhe1 Rhd8 16. Nf1 g6 17. Rxd7 Nfxd7 18. Rd1 Nb6 19. Rxd8+ Qxd8
20. Qe4 Qe7 21. Nd2 Nbd7 22. Nf3 f6 23. Nxe5 Nxe5 24. Bf3 c6 25. Kc2 Qb4 26. b3
Qe1 27. Bg4+ Kc7 28. Qf4 Qa1 29. Qxf6 Qxa2+ 30. Kc3 Nxg4 31. Qf4+ Kb6 32. Qd4+
Kc7 33. Qf4+ Kb6 34. Qxg4 Qa1+ 35. Kc2 Qa2+ 36. Kc3 Qa1+ 37. Kc2 Qa2+ 1/2-1/2

[Event "SR 2. liga A 2009/2010"]
[Site "?"]
[Date "2009.10.10"]
[Round "1.8"]
[White "Goga, Frantisek"]
[Black "Visnovsky, Marek"]
[Result "1/2-1/2"]
[WhiteElo "1984"]
[BlackElo "1698"]
[PlyCount "56"]
[EventDate "2009.??.??"]
[WhiteTeam "Slovakia"]
[BlackTeam "II"]
[WhiteTeamCountry "SVK"]
[BlackTeamCountry "SVK"]

1. e4 Nf6 2. e5 Nd5 3. c4 Nb6 4. d4 d6 5. f4 dxe5 6. fxe5 Nc6 7. Be3 Bf5 8. Nc3
Nb4 9. Rc1 e6 10. Be2 Be7 11. Nf3 O-O 12. O-O Rc8 13. a3 Nc6 14. h3 f6 15. Nh4
fxe5 16. Nxf5 exf5 17. c5 exd4 18. cxb6 cxb6 19. Qb3+ Kh8 20. Rcd1 Bc5 21. Bf2
Qe8 22. Rfe1 dxc3 23. Bxc5 bxc5 24. Bf3 Qg6 25. Qxc3 b6 26. Bxc6 Qxc6 27. Re7
Qg6 28. Rdd7 Rg8 1/2-1/2

[Event "SR 2. liga A 2009/2010"]
[Site "?"]
[Date "2009.10.10"]
[Round "1.8"]
[White "Pericka, Tomas"]
[Black "Klimes, Milan"]
[Result "1-0"]
[WhiteElo "1910"]
[BlackElo "1933"]
[PlyCount "71"]
[EventDate "2009.??.??"]
[WhiteTeam "Slovakia"]
[BlackTeam "II"]
[WhiteTeamCountry "SVK"]
[BlackTeamCountry "SVK"]

1. e4 g6 2. d4 Bg7 3. Nc3 a6 4. Be3 d6 5. Qd2 Nc6 6. f4 Nf6 7. h3 O-O 8. Nf3 e6
9. O-O-O b5 10. e5 Nd5 11. Nxd5 exd5 12. g4 f6 13. exf6 Bxf6 14. Bd3 Bg7 15.
Rhg1 a5 16. Bxb5 Nb4 17. a3 c6 18. Ba4 Qb6 19. axb4 axb4 20. b3 Bd7 21. f5 Rxa4
22. bxa4 Ra8 23. fxg6 hxg6 24. Qd3 Be8 25. h4 Rxa4 26. h5 Ra3 27. h6 Rxd3 28.
Rxd3 Bf6 29. Ng5 Bxg5 30. Bxg5 c5 31. Rh1 Kh7 32. Re3 Qa5 33. Re7+ Bf7 34.
Rxf7+ Kg8 35. Rg7+ Kf8 36. Rf1+ 1-0

[Event "SR 2. liga A 2009/2010"]
[Site "?"]
[Date "2009.10.10"]
[Round "1.8"]
[White "Sosovicka, Matej"]
[Black "Takacs, Laszlo"]
[Result "0-1"]
[WhiteElo "1832"]
[BlackElo "1838"]
[PlyCount "101"]
[EventDate "2009.??.??"]
[WhiteTeam "Slovakia"]
[BlackTeam "II"]
[WhiteTeamCountry "SVK"]
[BlackTeamCountry "SVK"]

1. e4 c5 2. Nf3 e6 3. d4 cxd4 4. Nxd4 Nf6 5. Bd3 Nc6 6. Nxc6 bxc6 7. O-O d5 8.
e5 Nd7 9. Re1 Bc5 10. Qg4 g6 11. Nd2 Qb6 12. Qg3 Ba6 13. Bxa6 Qxa6 14. Nb3 Bf8
15. Bg5 Bg7 16. a3 c5 17. Rad1 h6 18. Bc1 O-O 19. h4 h5 20. c3 Rab8 21. Nd2 c4
22. Nf3 Nc5 23. Qg5 Qa4 24. g4 hxg4 25. Qxg4 Qe8 26. h5 f5 27. Qxg6 Qxg6+ 28.
hxg6 Nd3 29. Re2 Rb6 30. Kg2 Rfb8 31. Kg3 Nxc1 32. Rxc1 Rxb2 33. Rce1 R2b3 34.
Rc2 Rxa3 35. Nd4 Rb6 36. Kh4 Bh6 37. Kh5 Kg7 38. Rcc1 Bxc1 39. Rxc1 Ra2 40. Rf1
a5 41. Kg5 Rab2 42. Rh1 Kg8 43. Kf6 Rb7 44. Nxe6 Rxf2 45. Ng5 Rg2 46. Ra1 Ra7
47. Rb1 Ra8 48. Rb7 Rf8+ 49. Nf7 f4 50. e6 f3 51. e7 {time} 0-1

[Event "SR 2. liga A 2009/2010"]
[Site "?"]
[Date "2009.10.10"]
[Round "1.8"]
[White "Steinecker, Frantisek"]
[Black "Srna, Jan"]
[Result "1-0"]
[WhiteElo "1712"]
[BlackElo "2008"]
[PlyCount "89"]
[EventDate "2009.??.??"]
[WhiteTeam "Slovakia"]
[BlackTeam "II"]
[WhiteTeamCountry "SVK"]
[BlackTeamCountry "SVK"]

1. e4 e6 2. d4 d5 3. Nc3 Bb4 4. e5 c5 5. a3 Ba5 6. Nf3 Nc6 7. Bb5 Bd7 8. Bxc6
Bxc6 9. dxc5 Bxc3+ 10. bxc3 Bb5 11. Nd4 Ba6 12. Qg4 g6 13. Nb3 Ne7 14. Bg5 Qc7
15. Bf6 Rg8 16. Qa4+ Kf8 17. g4 Bc4 18. Qa5 Qc8 19. Bxe7+ Kxe7 20. Nd4 f6 21.
f4 fxe5 22. fxe5 Qb8 23. O-O-O Rf8 24. c6 Kf7 25. cxb7 Qxb7 26. Rd2 Qe7 27. h4
Kg8 28. Qb4 Qf7 29. Qd6 Rae8 30. Rhh2 Qf1+ 31. Kb2 Rb8+ 32. Nb3 Bxb3 33. Qxe6+
Kg7 34. cxb3 Qc4 35. b4 Rf3 36. Rc2 Rc8 37. Qd7+ Rf7 38. Qa4 Rf1 39. Qxa7+ Kg8
40. h5 Rf7 41. Qd4 Qc6 42. hxg6 hxg6 43. e6 Rg7 44. Rce2 Rcc7 45. e7 1-0

[Event "SR 2. liga A 2009/2010"]
[Site "?"]
[Date "2009.10.11"]
[Round "2.1"]
[White "Bezuch, Martin"]
[Black "Federic, Jozef"]
[Result "1/2-1/2"]
[WhiteElo "2203"]
[BlackElo "2262"]
[PlyCount "59"]
[EventDate "2009.??.??"]
[WhiteTeam "Slovakia"]
[BlackTeam "II"]
[WhiteTeamCountry "SVK"]
[BlackTeamCountry "SVK"]

1. Nf3 d5 2. g3 Nf6 3. Bg2 b6 4. O-O e6 5. d3 Bb7 6. Nbd2 Nbd7 7. Re1 Nc5 8. c3
a5 9. d4 Ncd7 10. e4 Nxe4 11. Nxe4 dxe4 12. Ng5 Nf6 13. Nxe4 Nxe4 14. Bxe4 Bxe4
15. Rxe4 Be7 16. Bf4 O-O 17. Qe2 Bd6 18. Rd1 Bxf4 19. Rxf4 Qd7 20. Re1 Rad8 21.
Qe5 Qd6 22. Rg4 Qxe5 23. Rxe5 Rd7 24. Rge4 Rfd8 25. Kf1 Rd5 26. Ke2 Kf8 27. h4
Ke7 28. Rxd5 Rxd5 29. Kd3 c6 30. b3 1/2-1/2

[Event "SR 2. liga A 2009/2010"]
[Site "?"]
[Date "2009.10.11"]
[Round "2.1"]
[White "Likavsky, Tomas"]
[Black "Kovac, Andrej"]
[Result "1-0"]
[WhiteElo "2478"]
[BlackElo "2109"]
[PlyCount "105"]
[EventDate "2009.??.??"]
[WhiteTeam "Slovakia"]
[BlackTeam "II"]
[WhiteTeamCountry "SVK"]
[BlackTeamCountry "SVK"]

1. d4 Nf6 2. c4 g6 3. Nc3 Bg7 4. e4 d6 5. Nf3 O-O 6. Be2 e5 7. Be3 Nc6 8. d5
Ne7 9. Nd2 Nd7 10. b4 f5 11. f3 f4 12. Bf2 g5 13. c5 a6 14. Nc4 Rf6 15. a4 Ng6
16. cxd6 cxd6 17. a5 Nh4 18. Rg1 Qf8 19. Rc1 Rf7 20. Na4 Bf6 21. Ncb6 Rb8 22.
b5 axb5 23. Bxb5 Nxb6 24. Nxb6 Bd8 25. Ke2 Bxb6 26. Bxb6 g4 27. Qe1 Qh6 28. Qb4
Rf6 29. Qc3 Rf7 30. Kd2 Rg7 31. Be2 gxf3 32. gxf3 Ng2 33. Qxc8+ Rxc8 34. Rxc8+
Kf7 35. Rc7+ Kf8 36. Rxg7 Qxg7 37. Bf1 Qd7 38. Rxg2 Qa4 39. Ke1 Qb3 40. Be2
Qc3+ 41. Kf2 Qc1 42. Rg1 Qc2 43. h4 Kf7 44. h5 Kf6 45. h6 Qb2 46. Bd8+ Kf7 47.
Rg7+ Ke8 48. Bb6 Qc1 49. Rxb7 Qh1 50. Bf1 Qxh6 51. a6 Qh4+ 52. Ke2 Qh2+ 53. Bf2
1-0

[Event "SR 2. liga A 2009/2010"]
[Site "?"]
[Date "2009.10.11"]
[Round "2.1"]
[White "Mihalik, Marek"]
[Black "Tibensky, Robert"]
[Result "0-1"]
[WhiteElo "2090"]
[BlackElo "2401"]
[PlyCount "48"]
[EventDate "2009.??.??"]
[WhiteTeam "Slovakia"]
[BlackTeam "II"]
[WhiteTeamCountry "SVK"]
[BlackTeamCountry "SVK"]

1. d4 g6 2. e4 Bg7 3. Nf3 d6 4. Nc3 Nf6 5. h3 O-O 6. Be2 c5 7. O-O cxd4 8. Nxd4
Nc6 9. Be3 Bd7 10. Kh1 a6 11. f4 b5 12. a3 Rc8 13. g4 e5 14. Nb3 exf4 15. Bxf4
Re8 16. Bxd6 Nxe4 17. Nxe4 Rxe4 18. Bf3 Re3 19. Bf4 Rxf3 20. Rxf3 Ne5 21. Bxe5
Bxe5 22. c3 Bc6 23. Qxd8+ Rxd8 24. Raf1 Rd1 0-1

[Event "SR 2. liga A 2009/2010"]
[Site "?"]
[Date "2009.10.11"]
[Round "2.1"]
[White "Polacik, Igor"]
[Black "Varga, David"]
[Result "0-1"]
[WhiteElo "2186"]
[BlackElo "2280"]
[PlyCount "60"]
[EventDate "2009.??.??"]
[WhiteTeam "Slovakia"]
[BlackTeam "II"]
[WhiteTeamCountry "SVK"]
[BlackTeamCountry "SVK"]

1. e4 e5 2. Nc3 Nf6 3. Bc4 Bb4 4. d3 c6 5. Bd2 O-O 6. Nge2 d5 7. Bb3 Na6 8. O-O
h6 9. Ng3 Ba5 10. h3 Be6 11. Qe1 Bc7 12. Nd1 Nc5 13. f3 a5 14. exd5 cxd5 15. a3
Qd6 16. f4 Nxb3 17. cxb3 Rfe8 18. Ne2 Qb6+ 19. Kh1 Bf5 20. fxe5 Bxd3 21. Rxf6
gxf6 22. Qg3+ Bg6 23. Qh4 fxe5 24. Ne3 Bd8 25. Qxh6 Be4 26. Qh5 d4 27. Nf5 Bxf5
28. Qxf5 Qg6 29. Qd7 Re7 30. Qb5 Qa6 0-1

[Event "SR 2. liga A 2009/2010"]
[Site "?"]
[Date "2009.10.11"]
[Round "2.1"]
[White "Puchart, Vladimir"]
[Black "Skreno, Vladimir"]
[Result "1-0"]
[WhiteElo "2047"]
[BlackElo "2175"]
[PlyCount "41"]
[EventDate "2009.??.??"]
[WhiteTeam "Slovakia"]
[BlackTeam "II"]
[WhiteTeamCountry "SVK"]
[BlackTeamCountry "SVK"]

1. d4 Nf6 2. c4 g6 3. Nc3 Bg7 4. e4 d6 5. f3 O-O 6. Be3 e5 7. Nge2 Nc6 8. Qd2
a6 9. O-O-O Bd7 10. g4 b5 11. h4 bxc4 12. h5 exd4 13. Nxd4 Ne5 14. Bh6 Bxh6 15.
Qxh6 c5 16. Nf5 gxf5 17. exf5 Nxf3 18. Bxc4 Bc6 19. Nd5 Nxd5 20. Bxd5 Bxd5 21.
f6 1-0

[Event "SR 2. liga A 2009/2010"]
[Site "?"]
[Date "2009.10.11"]
[Round "2.1"]
[White "Sekera, Branislav"]
[Black "Kleman, Miroslav"]
[Result "0-1"]
[WhiteElo "2162"]
[BlackElo "2222"]
[PlyCount "60"]
[EventDate "2009.??.??"]
[WhiteTeam "Slovakia"]
[BlackTeam "II"]
[WhiteTeamCountry "SVK"]
[BlackTeamCountry "SVK"]

1. Nf3 d5 2. g3 Bg4 3. Bg2 Nd7 4. d3 c6 5. O-O e5 6. Nbd2 f6 7. c3 Bd6 8. e4
Ne7 9. h3 Be6 10. d4 O-O 11. dxe5 Nxe5 12. Nd4 Bf7 13. Qe2 dxe4 14. Bxe4 Qd7
15. Bg2 Rfe8 16. f4 N5g6 17. Ne4 Rad8 18. Be3 Nd5 19. Nc2 Nxe3 20. Nxe3 Ne7 21.
Nxd6 Qxd6 22. Qf2 Qd2 23. a3 Bb3 24. g4 Ng6 25. Qxd2 Rxd2 26. Nf5 Rxb2 27. Rae1
Rd8 28. h4 Bc4 29. Rf3 Bd5 30. Rd1 Rxg2+ 0-1

[Event "SR 2. liga A 2009/2010"]
[Site "?"]
[Date "2009.10.11"]
[Round "2.2"]
[White "Bojda, Lubomir"]
[Black "Sturdik, Igor"]
[Result "1-0"]
[WhiteElo "2151"]
[BlackElo "2047"]
[PlyCount "111"]
[EventDate "2009.??.??"]
[WhiteTeam "Slovakia"]
[BlackTeam "II"]
[WhiteTeamCountry "SVK"]
[BlackTeamCountry "SVK"]

1. c4 Nf6 2. Nc3 e6 3. Nf3 d5 4. d4 c5 5. e3 Nc6 6. Be2 dxc4 7. Bxc4 cxd4 8.
exd4 Be7 9. O-O O-O 10. Re1 a6 11. a4 Nb4 12. Ne5 Bd7 13. Bg5 Rc8 14. Qb3 Be8
15. Rad1 Nd7 16. Bxe7 Qxe7 17. Nxd7 Bxd7 18. d5 Qc5 19. dxe6 Bxe6 20. Bxe6 fxe6
21. Qxe6+ Kh8 22. Ne4 Qc2 23. Rd2 Qc4 24. Qxc4 Rxc4 25. Nc3 Rc7 26. Red1 h6 27.
Rd4 a5 28. Rd8 Rxd8 29. Rxd8+ Kh7 30. f3 Nc6 31. Rd5 Kg6 32. Kf2 Kf7 33. f4 Nb4
34. Rd2 Ke6 35. Ke3 Rc6 36. Nb5 Ke7 37. f5 Na6 38. Nc3 Nc5 39. g4 Nb3 40. Rd5
Nc5 41. Re5+ Kf7 42. h4 b6 43. g5 hxg5 44. hxg5 Nd7 45. Rd5 Ke7 46. Rb5 Kd6 47.
Rd5+ Ke7 48. Kd4 Rd6 49. Rxd6 Kxd6 50. Ne4+ Kc6 51. Nc3 Kd6 52. Ne4+ Kc6 53. g6
Nf8 54. Ke5 Kd7 55. Kd5 Kc7 56. Ng5 1-0

[Event "SR 2. liga A 2009/2010"]
[Site "?"]
[Date "2009.10.11"]
[Round "2.2"]
[White "Federic, Pavol"]
[Black "Janos, Martin"]
[Result "0-1"]
[WhiteElo "2190"]
[BlackElo "2192"]
[PlyCount "72"]
[EventDate "2009.??.??"]
[WhiteTeam "Slovakia"]
[BlackTeam "II"]
[WhiteTeamCountry "SVK"]
[BlackTeamCountry "SVK"]

1. e4 c5 2. Nf3 Qa5 3. Nc3 Nc6 4. g3 g6 5. Bg2 Bg7 6. O-O d6 7. Nd5 Nf6 8. Re1
O-O 9. c3 e5 10. Ne3 Ne8 11. d3 Rb8 12. a4 Qd8 13. Nc2 Be6 14. d4 exd4 15. cxd4
Bb3 16. Ra3 Bxc2 17. Qxc2 cxd4 18. Bg5 Qd7 19. Rd1 Nc7 20. Qc1 Rfe8 21. Bh6 Bf6
22. b4 b5 23. Ng5 bxa4 24. f4 Nxb4 25. Bh3 Ne6 26. e5 dxe5 27. fxe5 Bxe5 28.
Rf3 f5 29. Rxf5 gxf5 30. Bxf5 Kh8 31. Nxe6 Rxe6 32. Re1 Qd6 33. Bxe6 Nd3 34.
Qg5 Nxe1 35. Qf5 Nd3 36. Ba2 Qxh6 0-1

[Event "SR 2. liga A 2009/2010"]
[Site "?"]
[Date "2009.10.11"]
[Round "2.2"]
[White "Hrivnak, Martin"]
[Black "Meszaros, Michal"]
[Result "1-0"]
[WhiteElo "2208"]
[BlackElo "2416"]
[PlyCount "79"]
[EventDate "2009.??.??"]
[WhiteTeam "Slovakia"]
[BlackTeam "II"]
[WhiteTeamCountry "SVK"]
[BlackTeamCountry "SVK"]

1. Nf3 g6 2. c4 Bg7 3. Nc3 c5 4. g3 Nc6 5. Bg2 Nh6 6. e4 f5 7. O-O O-O 8. d3 d6
9. Bd2 Qd7 10. Ng5 Nf7 11. h4 e6 12. exf5 gxf5 13. Re1 Nxg5 14. hxg5 Kh8 15.
Qh5 Qf7 16. Qxf7 Rxf7 17. Nb5 Bf8 18. Bc3+ Kg8 19. d4 a6 20. d5 axb5 21. dxc6
b4 22. Bf6 bxc6 23. Bxc6 Ra6 24. Bb5 Ra5 25. a4 bxa3 26. Rxa3 Rxa3 27. bxa3 Ra7
28. a4 Kf7 29. Bd8 Bg7 30. Bb6 Ra8 31. Re3 Bd4 32. Ra3 Bb7 33. a5 Rc8 34. a6
Ba8 35. a7 Ke7 36. Rb3 d5 37. Ba6 Rc6 38. Bb7 Bxb7 39. Bxc5+ Bxc5 40. Rxb7+ 1-0

[Event "SR 2. liga A 2009/2010"]
[Site "?"]
[Date "2009.10.11"]
[Round "2.2"]
[White "Klemanic, Emil"]
[Black "Benovic, Marek"]
[Result "1-0"]
[WhiteElo "2258"]
[BlackElo "1995"]
[PlyCount "41"]
[EventDate "2009.??.??"]
[WhiteTeam "Slovakia"]
[BlackTeam "II"]
[WhiteTeamCountry "SVK"]
[BlackTeamCountry "SVK"]

1. e4 c6 2. d4 d5 3. f3 dxe4 4. fxe4 e5 5. Nf3 exd4 6. Bc4 Be6 7. Bxe6 fxe6 8.
O-O Be7 9. Nxd4 Qd7 10. Qh5+ g6 11. Qe5 Bf6 12. Rxf6 Nxf6 13. Qxf6 Rf8 14.
Qxe6+ Qxe6 15. Nxe6 Rf7 16. Nc3 Re7 17. Nd4 Na6 18. Bg5 Rd7 19. Nf3 Nc5 20. e5
Kf7 21. e6+ 1-0

[Event "SR 2. liga A 2009/2010"]
[Site "?"]
[Date "2009.10.11"]
[Round "2.2"]
[White "Petenyi, Tamas"]
[Black "Petrik, Stanislav"]
[Result "1-0"]
[WhiteElo "2261"]
[BlackElo "2183"]
[PlyCount "61"]
[EventDate "2009.??.??"]
[WhiteTeam "Slovakia"]
[BlackTeam "II"]
[WhiteTeamCountry "SVK"]
[BlackTeamCountry "SVK"]

1. e4 c5 2. Nf3 Nc6 3. Bb5 g6 4. Bxc6 dxc6 5. h3 Bg7 6. d3 Nf6 7. Nc3 Qc7 8.
Be3 b6 9. Qd2 h6 10. O-O g5 11. Rae1 Nh5 12. Ne2 Rg8 13. g4 Nf6 14. Ng3 Nxg4
15. hxg4 Bxg4 16. Nh2 Bh3 17. Qe2 g4 18. Kh1 h5 19. Nxh5 Be5 20. Ng3 Bxg3 21.
fxg3 Qxg3 22. Qf2 Qxf2 23. Rxf2 Kd7 24. Rxf7 g3 25. Nf3 g2+ 26. Kg1 Raf8 27.
Rxf8 Rxf8 28. Nd2 Ke6 29. Bf2 Rg8 30. Re3 Kd7 31. Rxh3 1-0

[Event "SR 2. liga A 2009/2010"]
[Site "?"]
[Date "2009.10.11"]
[Round "2.2"]
[White "Tepper, Frantisek"]
[Black "Kozinka, Roman"]
[Result "1-0"]
[WhiteElo "2169"]
[BlackElo "2044"]
[PlyCount "77"]
[EventDate "2009.??.??"]
[WhiteTeam "Slovakia"]
[BlackTeam "II"]
[WhiteTeamCountry "SVK"]
[BlackTeamCountry "SVK"]

1. e4 c5 2. Nf3 d6 3. Bb5+ Bd7 4. Bxd7+ Qxd7 5. O-O Nc6 6. c3 Nf6 7. Re1 e6 8.
d3 h6 9. Nbd2 g5 10. Nf1 g4 11. N3d2 Rg8 12. Nb3 Ne5 13. d4 cxd4 14. cxd4 Ng6
15. d5 e5 16. Bd2 Nh4 17. Ng3 Nh7 18. Rc1 Be7 19. Re3 Bd8 20. Rec3 Ng5 21. Be3
f5 22. exf5 h5 23. Nd2 Nxf5 24. Bxg5 Rxg5 25. Nde4 Rg6 26. Nxh5 Nd4 27. Rc4 Kf7
28. Rxd4 exd4 29. Nf4 Rh6 30. Ne6 Rg6 31. Qxd4 Bb6 32. N4g5+ Kg8 33. Qe4 Rf6
34. Qxg4 Bxf2+ 35. Kh1 Rg6 36. Qf5 Rg7 37. Qxf2 Rc8 38. Rf1 Rg6 39. Qf8+ 1-0

[Event "SR 2. liga A 2009/2010"]
[Site "?"]
[Date "2009.10.11"]
[Round "2.3"]
[White "Biro, Karol"]
[Black "Lehocky, Viktor"]
[Result "1-0"]
[WhiteElo "2166"]
[BlackElo "2095"]
[PlyCount "75"]
[EventDate "2009.??.??"]
[WhiteTeam "Slovakia"]
[BlackTeam "II"]
[WhiteTeamCountry "SVK"]
[BlackTeamCountry "SVK"]

1. c4 e5 2. Nc3 Nf6 3. e3 Bb4 4. Nge2 O-O 5. a3 Be7 6. d4 d6 7. g3 c6 8. Bg2
Bg4 9. h3 Bh5 10. O-O Nbd7 11. g4 Bg6 12. f4 h6 13. f5 Bh7 14. d5 cxd5 15. cxd5
a5 16. e4 Nc5 17. Be3 Nfd7 18. b4 axb4 19. axb4 Na6 20. Rb1 Bg5 21. Bf2 Bh4 22.
Qd3 Bxf2+ 23. Rxf2 f6 24. Ng3 Kh8 25. Nf1 Bg8 26. Ne3 Bf7 27. Bf1 Nb6 28. h4
Be8 29. Qd2 Rf7 30. Rg2 Rc8 31. g5 Rfc7 32. gxh6 gxh6 33. Ng4 Rh7 34. Nxh6 Bf7
35. Nxf7+ Rxf7 36. h5 Qc7 37. Nb5 Qd7 38. Qh6+ 1-0

[Event "SR 2. liga A 2009/2010"]
[Site "?"]
[Date "2009.10.11"]
[Round "2.3"]
[White "Liptak, Tomas"]
[Black "Certek, Pavel"]
[Result "0-1"]
[WhiteElo "2036"]
[BlackElo "2245"]
[PlyCount "70"]
[EventDate "2009.??.??"]
[WhiteTeam "Slovakia"]
[BlackTeam "II"]
[WhiteTeamCountry "SVK"]
[BlackTeamCountry "SVK"]

1. e4 c5 2. Nf3 g6 3. c4 Bg7 4. g3 Nc6 5. Bg2 d6 6. Nc3 a6 7. O-O Rb8 8. a4 Nf6
9. d3 Bg4 10. Be3 Ne5 11. Qe2 O-O 12. Bf4 Nh5 13. Qe3 Nxf4 14. gxf4 Bxf3 15.
Bxf3 Bh6 16. Bd1 Nc6 17. Qg3 e6 18. f5 Qe7 19. Bg4 Nd4 20. Rae1 Kh8 21. Qh3 Bd2
22. Rd1 Bf4 23. fxg6 fxg6 24. Ne2 Nxe2+ 25. Bxe2 Be5 26. b3 Rf4 27. Qg2 Rbf8
28. Bg4 Bd4 29. Rd2 h5 30. Bd1 Rh4 31. Kh1 g5 32. f4 Be3 33. Rc2 Bxf4 34. Rcf2
e5 35. Kg1 Be3 0-1

[Event "SR 2. liga A 2009/2010"]
[Site "?"]
[Date "2009.10.11"]
[Round "2.3"]
[White "Pagerka, Martin"]
[Black "Kralovic, Andrej"]
[Result "1-0"]
[WhiteElo "2097"]
[BlackElo "2156"]
[PlyCount "113"]
[EventDate "2009.??.??"]
[WhiteTeam "Slovakia"]
[BlackTeam "II"]
[WhiteTeamCountry "SVK"]
[BlackTeamCountry "SVK"]

1. d4 d5 2. c4 c6 3. Nf3 Nf6 4. e3 Bg4 5. Qb3 Qb6 6. Qxb6 axb6 7. Ne5 Bf5 8.
Nc3 e6 9. Be2 Nbd7 10. Nxd7 Kxd7 11. f3 Bb4 12. Bd2 Bg6 13. Kf2 Rhd8 14. Rhd1
Bd6 15. Be1 Bc7 16. Kg1 dxc4 17. Bxc4 Nd5 18. Bf2 Nxc3 19. bxc3 Ra3 20. Bb3 b5
21. e4 Bb6 22. Kf1 Ke7 23. Rab1 f6 24. c4 Rd7 25. cxb5 cxb5 26. Bxe6 Kxe6 27.
d5+ Kf7 28. Bxb6 Rxa2 29. Rxb5 h5 30. Rdb1 Ke8 31. Bf2 f5 32. e5 f4 33. Rd1 Bc2
34. Rd4 Ra4 35. Rc5 Rxd4 36. Bxd4 Bb3 37. d6 Kf7 38. Kf2 Be6 39. h4 g5 40. hxg5
Kg6 41. Rb5 Kxg5 42. Rb4 h4 43. Bc3 Rf7 44. Bd2 Bc8 45. Ke2 Be6 46. Rd4 Bd7 47.
Kd3 h3 48. gxh3 Bxh3 49. Kc4 Be6+ 50. Kc5 Kg6 51. Bxf4 Kg7 52. Bg5 Rd7 53. Be7
Ba2 54. Rf4 Bf7 55. Rf6 Be8 56. f4 Bh5 57. Rf8 1-0

[Event "SR 2. liga A 2009/2010"]
[Site "?"]
[Date "2009.10.11"]
[Round "2.3"]
[White "Peitl, Tomas"]
[Black "Machalova, Veronika"]
[Result "0-1"]
[WhiteElo "2175"]
[BlackElo "2187"]
[PlyCount "66"]
[EventDate "2009.??.??"]
[WhiteTeam "Slovakia"]
[BlackTeam "II"]
[WhiteTeamCountry "SVK"]
[BlackTeamCountry "SVK"]

1. e4 c5 2. Nc3 d6 3. Nge2 Nf6 4. d4 cxd4 5. Nxd4 e6 6. Be3 Be7 7. f3 O-O 8.
Qd2 Nc6 9. O-O-O a6 10. g4 Nd7 11. f4 Nxd4 12. Bxd4 b5 13. Bg2 Bb7 14. e5 d5
15. Qe3 Rc8 16. Kb1 Re8 17. f5 Bg5 18. Qf2 b4 19. Ne2 Qc7 20. h4 Qxc2+ 21. Ka1
Be7 22. Rc1 Qa4 23. Nf4 b3 24. a3 Rxc1+ 25. Rxc1 Bxh4 26. Qxh4 Qxd4 27. fxe6
fxe6 28. Rh1 Nf8 29. Qg5 Qe3 30. Rf1 h6 31. Qh5 Rc8 32. Kb1 Qd2 33. Qh1 Rc2 0-1

[Event "SR 2. liga A 2009/2010"]
[Site "?"]
[Date "2009.10.11"]
[Round "2.3"]
[White "Stepanovic, Branislav"]
[Black "Varholakova, Niki"]
[Result "1/2-1/2"]
[WhiteElo "2001"]
[BlackElo "2159"]
[PlyCount "187"]
[EventDate "2009.??.??"]
[WhiteTeam "Slovakia"]
[BlackTeam "II"]
[WhiteTeamCountry "SVK"]
[BlackTeamCountry "SVK"]

1. e4 e5 2. Nf3 Nc6 3. Bb5 d6 4. d4 exd4 5. Nxd4 Bd7 6. Nc3 Nf6 7. O-O Be7 8.
Re1 O-O 9. Be3 Re8 10. Bxc6 bxc6 11. h3 Qc8 12. Qf3 Qb7 13. b3 Qb4 14. Nce2 c5
15. a3 Qa5 16. Nf5 Bf8 17. Neg3 Bxf5 18. Qxf5 Qc3 19. Rac1 g6 20. Qf4 Bg7 21.
Bd2 Qb2 22. Qf3 Nd7 23. a4 Qd4 24. Ba5 Rac8 25. c3 Qe5 26. Qd3 h5 27. c4 Qf4
28. Bd2 Qh4 29. f4 Bd4+ 30. Kh2 Qf6 31. Ne2 Rb8 32. Rb1 h4 33. b4 Nf8 34. bxc5
dxc5 35. e5 Qc6 36. Rxb8 Rxb8 37. Nxd4 cxd4 38. Qxd4 Ne6 39. Qd3 Rd8 40. Qe2
Qxa4 41. Be3 a5 42. Bf2 Nxf4 43. Qe4 Ne6 44. Bxh4 Rc8 45. Bf6 Kf8 46. Qh4 Ke8
47. Qh8+ Kd7 48. Qh7 Rf8 49. Bg7 Re8 50. Bh6 Re7 51. Qh8 Qc2 52. Qa8 Qb3 53.
Qd5+ Kc8 54. Qxa5 Rd7 55. c5 Kd8 56. Qa8+ Ke7 57. Qh8 Rd5 58. Qf6+ Ke8 59. Ra1
Rxc5 60. Ra8+ Kd7 61. Qxf7+ Kc6 62. Qe8+ Kd5 63. Qd7+ Kxe5 64. Bg7+ Kf4 65.
Ra4+ Ke3 66. Bh6+ g5 67. Bxg5+ Rxg5 68. Ra6 Rxg2+ 69. Kxg2 Nf4+ 70. Kg3 Ke4+
71. Kh4 Ng2+ 72. Kg5 Qe3+ 73. Kg6 Nf4+ 74. Kf7 Qb3+ 75. Kg7 Qc3+ 76. Kh7 c5 77.
Ra4+ Kf3 78. Qc6+ Kg3 79. Qe4 Qf3 80. Qxf3+ Kxf3 81. h4 Kg4 82. h5 Kg5 83. h6
Nh5 84. Ra5 Nf6+ 85. Kg7 Nh5+ 86. Kf7 Kxh6 87. Rxc5 Nf4 88. Kf6 Nh5+ 89. Kf5
Ng7+ 90. Kf6 Nh5+ 91. Kf5 Ng7+ 92. Kf6 Nh5+ 93. Kf7 Nf4 94. Kf6 1/2-1/2

[Event "SR 2. liga A 2009/2010"]
[Site "?"]
[Date "2009.10.11"]
[Round "2.3"]
[White "Stetina, Erik"]
[Black "Malar, Pavol"]
[Result "0-1"]
[WhiteElo "2038"]
[BlackElo "2133"]
[PlyCount "110"]
[EventDate "2009.??.??"]
[WhiteTeam "Slovakia"]
[BlackTeam "II"]
[WhiteTeamCountry "SVK"]
[BlackTeamCountry "SVK"]

1. e4 e6 2. d4 d5 3. exd5 exd5 4. Nf3 Bd6 5. Bd3 Ne7 6. O-O O-O 7. Re1 Nbc6 8.
c3 Bf5 9. Bg5 f6 10. Bh4 Qd7 11. Bg3 Rae8 12. Qc2 Bxd3 13. Qxd3 Ng6 14. Nbd2
Nd8 15. Nf1 Bf4 16. Bxf4 Nxf4 17. Qd2 Qg4 18. Ne3 Qh5 19. Qc2 Re4 20. Nd2 Re6
21. Qf5 Qxf5 22. Nxf5 Rfe8 23. Rxe6 Rxe6 24. Kf1 Nf7 25. g3 Ng6 26. Re1 Rxe1+
27. Kxe1 Kf8 28. a4 Ne7 29. Ne3 Nd6 30. Ke2 Kf7 31. Kd3 Ke6 32. f3 h5 33. b3 g5
34. c4 c6 35. cxd5+ cxd5 36. Nb1 f5 37. Nc3 f4 38. Ng2 Kf5 39. Ne2 fxg3 40.
hxg3 Ke6 41. Ne3 Ndf5 42. Nxf5 Kxf5 43. Ke3 a6 44. g4+ Kg6 45. gxh5+ Kxh5 46.
Nc3 Kh4 47. b4 Kg3 48. Ne2+ Kg2 49. f4 Nf5+ 50. Kd3 g4 51. Nc3 g3 52. Nxd5 Kf2
53. Nc3 g2 54. Ne4+ Kf3 55. Ng5+ Kg4 0-1

[Event "SR 2. liga A 2009/2010"]
[Site "?"]
[Date "2009.10.11"]
[Round "2.4"]
[White "Bury, Rastislav"]
[Black "Polasek, Filip"]
[Result "0-1"]
[WhiteElo "2066"]
[BlackElo "2072"]
[PlyCount "118"]
[EventDate "2009.??.??"]
[WhiteTeam "Slovakia"]
[BlackTeam "II"]
[WhiteTeamCountry "SVK"]
[BlackTeamCountry "SVK"]

1. e4 e5 2. Nf3 Nc6 3. Bb5 a6 4. Ba4 Nf6 5. O-O Be7 6. Re1 b5 7. Bb3 O-O 8. h3
d6 9. c3 Be6 10. Bxe6 fxe6 11. d4 exd4 12. cxd4 Nd7 13. Qb3 Rxf3 14. Qxf3 Nxd4
15. Qd1 c5 16. Be3 Bf6 17. Nc3 Qe7 18. a4 b4 19. Ne2 Nxe2+ 20. Qxe2 Ne5 21. f4
Nc6 22. Rad1 Bd4 23. Bxd4 Nxd4 24. Qg4 Rf8 25. Kh2 Rf6 26. Rd2 Rg6 27. Qh5 Qe8
28. Qd1 e5 29. f5 Rf6 30. g4 h6 31. h4 g5 32. Rh1 gxh4 33. Rg2 Kf7 34. g5 hxg5
35. Rxg5 Qh8 36. Rhg1 Qh6 37. Qg4 Qxg5 38. Qxg5 Nf3+ 39. Kh3 Nxg5+ 40. Rxg5 Rh6
41. b3 a5 42. Rg2 d5 43. exd5 Kf6 44. d6 Kxf5 45. Rd2 Rh8 46. d7 Rd8 47. Kxh4
Ke6 48. Rc2 Kd6 49. Rd2+ Kc6 50. Re2 Rxd7 51. Rxe5 Rd3 52. Re6+ Kd5 53. Ra6
Rxb3 54. Rxa5 Ra3 55. Kg4 Kd4 56. Kf4 c4 57. Ra8 b3 58. Rd8+ Kc3 59. Ke4 Rxa4
0-1